1201 1826 1125 1672 1093 1363 1595 1585 1928 1446 1513 1851 1430 1923 1345 1428 1767 1279 1479 1904 1356 1656 1256 1299 1302 1834 1674 1919 1558 1362 1444 1450 1044 1104 1681 1095 1274 1988 1992 1715 1031 1108 1231 1810 1868 1693 1962 1523 1874 1530 1636 1591 1375 1441 1864 1661 1703 1600 1796 1725 1581 1975 1562 1549 1125 1990 1703 1671 1157 1445 1267 1917 1874 1906 1927 1332 1047 1049 1805 1043 1676 1692 1613 1456 1474 1792 1006 1712 1224 1550 1247 1657 1189 1904 1304 1926 1980 1358 1980 BCNSPRNW ULIB Ver.6.0+V

เปลี่ยนเป็นภาษาไทย

Change to English
 แสดงรายละเอียดบรรณานุกรม
  กลับหน้าหลัก

Brief Record : Get Marc (ISO 2709) : E-mail record : QR code < ปิดหน้าต่าง
LEADER : 00000nam 2200000uu 4500
001    13399124240
003     ULIB
008    020711s2549 th a 000 0 tha d
020    9747074982
020    9789747074987
090    นว.^bว163อ
100    วนวรรณ
245    อยู่ตรงนี้อยู่ในหัวใจเธอ/^cวนวรรณ
250    พิมพ์ครั้งที่ 1
260    กรุงเทพฯ :^bอรุณ,^c2549
300    624 หน้า;^b18.5 ซม.
945    ^p415^l0^i019671
999    ^aทศพร
รายการนี้ยังไม่มีแท็ก
คุณยังไม่ได้ล็อกอิน คุณสามารถมีกิจกรรมร่วมกับเว็บไซต์ได้ แต่ต้องล็อกอินก่อน ::
  ล็อกอิน

รายการสื่อสารสนเทศ

ลำดับที่ ประเภท เลขเรียก/บาร์โค้ด สถานที่ สถานะ
1. นวนิยาย
นวนิยาย
นว. ว163อ ฉ.1 
  Barcode: 019671
ห้องสมุดวิทยาเขตสวรรค์ประชารักษ์
►นวนิยาย
บนชั้น
  ขอยืม

รายการใกล้เคียง
    ผู้แต่ง [วนวรรณ]

BibComment


ยังไม่เคยถูกคอมเมนท์

คอมเมนท์ทรัพยากรรายการนี้
  คอมเมนท์: อยู่ตรงนี้อยู่ในห..


 Copyright 2026. Bcnsprnw @Library